01659nam a22003375a 450000500170000000800410001702000180005804000380007604300120011408200210012610000210014724501440016825000120031226000360032430000260036050000250038650400410041165000100045265100490046265300380051165500210054970000330057070000280060394200080063199900170063995201570065695201220081395201140093595201420104995201300119120171010132332.0161114t2016 nyu frb 001 0 eng d a9781138786523 aEG-ScBUEbengcEG-ScBUEdEG-ScBUE aaw-----04a320.956bISM2221 aIsmael, Tareq Y.10aGovernments and politics of the contemporary Middle East :bContinuity and change /cTareq Y. Ismael, Jacqueline S. Ismael, Glenn E. Perry. a2nd ed. aNew York :bRoutledge,cc.2016. axvi, 599 p. ;c24 cm. aIndex : p. 586-599.  aIncludes bibliographical references. 2BUEsh 7aMiddle EastxPolitics and government.2BUEsh bBUSBOLcNovember2016cOctober2017 vText book9337281 aIsmael, Jacqueline S.9226021 aPerry, Glenn E. 922603 2ddc c23108d23080 00102ddc40708AlahramaMAINbMAINc1STd2016-11-14ePurchaseg381.00h114l5m16o320.956 ISMp000045085r2025-07-15 00:00:00s2021-10-27v476.25yBB 00102ddc40708BaccahaMAINbMAINd2017-10-10ePurchaseg700.00l0o320.956 ISMp000042083r2025-07-15 00:00:00yNB 00102ddc40708BaccahaMAINbMAINd2017-10-10ePurchasel0o320.956 ISMp000042084r2025-07-15 00:00:00yNB 00102ddc40708BaccahaMAINbMAINd2017-10-10ePurchasel5m25o320.956 ISMp000042085q2026-02-11r2026-01-12 00:00:00s2026-01-12yBB 00102ddc40708BaccahaMAINbMAINd2017-10-10ePurchasel6m13o320.956 ISMp000042086r2025-07-15 00:00:00s2023-11-26yBB